Normal view
MARC view
- Math refresher for scientists and engineers
Entry Topical Term
001 - CONTROL NUMBER
- control field: 126468
003 - CONTROL NUMBER IDENTIFIER
- control field: NUST
005 - DATE AND TIME OF LATEST TRANSACTION
- control field: 20241024100613.0
008 - FIXED-LENGTH DATA ELEMENTS
- fixed length control field: 241024|| aca||aabn | a|a d
040 ## - CATALOGING SOURCE
- Original cataloging agency: NUST
- Transcribing agency: NUST
150 ## - HEADING--TOPICAL TERM
- Topical term or geographic name entry element: Math refresher for scientists and engineers
670 ## - SOURCE DATA FOUND
- Source citation: Work cat.: (NUST): John R. Fanchi 126467, Math refresher for scientists and engineers , 1997.
